Statistics for All 50k+ Cities in Brazil with a Map

Click here to take the quiz!

General Stats

  • This quiz has been taken 1,204 times
  • The average score is 130 of 536

Answers on the Map

Answers color-coded by a green-red scale on the quiz's map according to % correct below.
 

Answer Stats

StatePopulationCity% Correct
Rio de Janeiro6,747,820Rio de Janeiro
97%
São Paulo12,214,440São Paulo
94%
Distrito Federal2,950,600Brasília
92%
Amazonas2,208,330Manaus
86%
Minas Gerais2,521,560Belo Horizonte
83%
Pernambuco1,653,460Recife
83%
Rio Grande do Sul1,488,250Porto Alegre
82%
Pará1,486,810Belém
80%
Ceará2,686,610Fortaleza
80%
Bahia2,885,910Salvador
80%
Paraná1,948,630Curitiba
76%
Rio Grande do Norte890,480Natal
70%
Goiás1,530,290Goiânia
67%
Maranhão1,047,440São Luís
67%
São Paulo1,192,920Campinas
63%
Piauí51,990Floriano
61%
Santa Catarina489,550Florianópolis
60%
São Paulo433,330Santos
59%
Espírito Santo365,860Vitória
57%
Mato Grosso do Sul893,940Campo Grande
55%
Minas Gerais89,610Pará de Minas
55%
Alagoas1,024,680Maceió
54%
Rondônia491,790Porto Velho
53%
Piauí818,320Teresina
53%
Mato Grosso606,590Cuiabá
52%
Paraíba814,430João Pessoa
52%
Acre379,590Rio Branco
52%
Roraima410,040Boa Vista
51%
São Paulo1,392,120Guarulhos
50%
Amapá491,020Macapá
50%
Minas Gerais679,710Uberlândia
49%
Sergipe664,910Aracaju
47%
Rio de Janeiro921,480Duque de Caxias
47%
Santa Catarina247,210São José
47%
Paraná560,410Londrina
45%
Santa Catarina577,430Joinville
43%
Tocantins297,460Palmas
43%
Pará224,510Santarém
43%
Rio Grande do Sul269,890Santa Maria
42%
Paraná256,100Foz do Iguaçu
41%
São Paulo709,800Ribeirão Preto
41%
Rio Grande do Sul203,580Rio Grande
40%
Rio de Janeiro1,090,940São Gonçalo
40%
Maranhão126,480Caxias
39%
Rio Grande do Sul498,260Caxias do Sul
39%
Rio de Janeiro515,320Niterói
39%
Rio de Janeiro291,510Petrópolis
39%
São Paulo830,360São Bernardo do Campo
39%
Santa Catarina345,180Blumenau
38%
São Paulo721,370Santo André
38%
Rio de Janeiro461,560Campos dos Goytacazes
37%
São Paulo699,940Osasco
37%
Minas Gerais329,560Uberaba
37%
Paraíba392,560Campina Grande
36%
Minas Gerais566,770Juiz de Fora
36%
Paraná422,420Maringá
36%
Rio Grande do Sul320,050Pelotas
36%
Santa Catarina205,200Chapecó
35%
Bahia568,400Feira de Santana
35%
Rio de Janeiro814,310Nova Iguaçu
35%
Amapá120,480Santana
35%
São Paulo714,890São José dos Campos
35%
São Paulo680,360Sorocaba
35%
Goiás384,910Anápolis
34%
Goiás589,550Aparecida de Goiânia
34%
Bahia177,180Juazeiro
34%
Pernambuco264,220Petrolina
34%
São Paulo164,320Itu
33%
Rio Grande do Sul242,750Novo Hamburgo
33%
Pernambuco385,370Olinda
33%
São Paulo436,770São José do Rio Preto
33%
São Paulo372,950Bauru
32%
Santa Catarina214,280Criciúma
32%
São Paulo426,760Diadema
32%
São Paulo404,810Jundiaí
32%
São Paulo415,370Mogi das Cruzes
32%
Bahia123,540Porto Seguro
32%
São Paulo225,670Presidente Prudente
32%
São Paulo161,960São Caetano do Sul
32%
São Paulo244,290São Carlos
32%
São Paulo367,660São Vicente
32%
Espírito Santo523,610Serra
32%
Rio Grande do Sul118,750Uruguaiana
32%
Espírito Santo498,890Vila Velha
32%
Rio de Janeiro273,860Volta Redonda
32%
Ceará61,330Cascavel
31%
Paraná313,570Cascavel
31%
Mato Grosso do Sul208,210Dourados
31%
Bahia134,790Ilhéus
31%
Maranhão245,760Imperatriz
31%
Paraná347,490Ponta Grossa
31%
Mato Grosso227,050Rondonópolis
31%
Minas Gerais112,330Ubá
31%
Rio de Janeiro199,450Angra dos Reis
30%
Santa Catarina145,800Balneário Camboriú
30%
Pará82,680Bragança
30%
São Paulo165,320Bragança Paulista
30%
São Paulo80,470Cruzeiro
30%
São Paulo349,650Franca
30%
Santa Catarina211,040Itajaí
30%
Minas Gerais393,510Montes Claros
30%
Minas Gerais64,840Ouro Preto
30%
São Paulo398,510Piracicaba
30%
São Paulo330,850Praia Grande
30%
São Paulo311,060Taubaté
30%
Rio de Janeiro164,510Teresópolis
30%
Bahia305,410Vitória da Conquista
30%
São Paulo240,890Americana
29%
São Paulo276,980Barueri
29%
Minas Gerais441,540Betim
29%
São Paulo322,690Guarujá
29%
Santa Catarina154,550Lages
29%
Rio Grande do Norte274,500Mossoró
29%
Rio Grande do Sul116,730Santa Cruz do Sul
29%
Rio de Janeiro99,140São Pedro da Aldeia
29%
Ceará186,170Sobral
29%
São Paulo89,620Ubatuba
29%
Rio de Janeiro513,120Belford Roxo
28%
Minas Gerais269,970Governador Valadares
28%
Pernambuco691,490Jaboatão dos Guararapes
28%
Rondônia116,910Ji-Paraná
28%
Ceará265,420Juazeiro do Norte
28%
Rio de Janeiro256,610Macaé
28%
Pará226,030Marabá
28%
São Paulo229,800Marília
28%
São Paulo477,550Mauá
28%
Mato Grosso121,030Sinop
28%
Pará534,230Ananindeua
27%
Rio Grande do Sul101,570Bagé
27%
Rio de Janeiro173,790Cabo Frio
27%
Minas Gerais666,690Contagem
27%
São Paulo276,540Embu das Artes
27%
São Paulo202,950Rio Claro
27%
Goiás223,880Rio Verde
27%
São Paulo289,980Suzano
27%
Santa Catarina96,420Tubarão
27%
São Paulo123,070Várzea Paulista
27%
Alagoas197,630Arapiraca
26%
São Paulo231,560Araraquara
26%
Rio Grande do Sul114,460Bento Gonçalves
26%
Acre62,770Cruzeiro do Sul
26%
Minas Gerais234,200Divinópolis
26%
Pernambuco75,760Gravatá
26%
Minas Gerais262,640Ipatinga
26%
São Paulo375,010Itaquaquecetuba
26%
São Paulo87,630Mogi Mirim
26%
Rio Grande do Sul199,510Passo Fundo
26%
São Paulo164,010Pindamonhangaba
26%
São Paulo192,860Santa Bárbara d'Oeste
26%
Paraná295,040São José dos Pinhais
26%
Rio Grande do Sul237,700São Leopoldo
26%
São Paulo194,310Araçatuba
25%
Santa Catarina133,150Brusque
25%
Rio Grande do Sul348,210Canoas
25%
Mato Grosso do Sul100,980Corumbá
25%
São Paulo299,280Limeira
25%
Rio de Janeiro233,330Magé
25%
São Paulo145,280Mogi Guaçu
25%
Rio de Janeiro167,320Nova Friburgo
25%
Piauí144,820Parnaíba
25%
Paraíba104,540Patos
25%
Minas Gerais141,420Patos de Minas
25%
São Paulo293,650Taboão da Serra
25%
Paraná129,430Toledo
25%
São Paulo131,140Atibaia
24%
Pernambuco324,310Caruaru
24%
São Paulo131,630Cubatão
24%
Rio Grande do Sul100,490Erechim
24%
Pernambuco61,410Goiana
24%
São Paulo116,700Guaratinguetá
24%
São Paulo102,140Itanhaém
24%
São Paulo176,190Itapecerica da Serra
24%
Santa Catarina168,110Jaraguá do Sul
24%
São Paulo111,400Ourinhos
24%
Paraná150,520Paranaguá
24%
Amazonas79,020Parintins
24%
Minas Gerais164,530Poços de Caldas
24%
Rio Grande do Sul64,760Santa Rosa
24%
Rio de Janeiro472,910São João de Meriti
24%
São Paulo89,310São Sebastião
24%
Mato Grosso283,100Várzea Grande
24%
Rio Grande do Sul65,450Alegrete
23%
Pará98,430Altamira
23%
São Paulo100,500Assis
23%
Bahia141,340Barreiras
23%
São Paulo63,670Bertioga
23%
Rio Grande do Sul270,130Gravataí
23%
Espírito Santo120,980Guarapari
23%
Rio Grande do Sul75,950Ijuí
23%
São Paulo240,960Itapevi
23%
São Paulo232,160Jacareí
23%
São Paulo147,130Jaú
23%
Santa Catarina172,690Palhoça
23%
Paraná78,890Pato Branco
23%
Rio de Janeiro151,340Queimados
23%
São Paulo50,060Registro
23%
Rio de Janeiro124,100Resende
23%
Minas Gerais335,730Ribeirão das Neves
23%
São Paulo124,160Ribeirão Pires
23%
Rio de Janeiro146,720Rio das Ostras
23%
São Paulo118,890Salto
23%
Alagoas59,520São Miguel dos Campos
23%
Rio Grande do Sul240,840Viamão
23%
Tocantins174,170Araguaína
22%
São Paulo128,210Araras
22%
Rio de Janeiro183,150Barra Mansa
22%
São Paulo119,090Barretos
22%
Santa Catarina80,830Camboriú
22%
Paraná235,240Colombo
22%
Rio Grande do Sul63,210Farroupilha
22%
Paraná167,000Guarapuava
22%
São Paulo234,260Hortolândia
22%
Bahia208,440Itabuna
22%
São Paulo86,570Lorena
22%
Goiás197,300Luziânia
22%
Rio de Janeiro161,960Maricá
22%
Rio de Janeiro162,690Nilópolis
22%
Paraná84,710Paranavaí
22%
Pernambuco334,380Paulista
22%
Mato Grosso do Sul74,870Ponta Porã
22%
Minas Gerais219,830Santa Luzia
22%
Rio Grande do Sul68,870Sant'Ana do Livramento
22%
Goiás68,110Santo Antônio do Descoberto
22%
Mato Grosso do Sul117,560Três Lagoas
22%
São Paulo124,860Valinhos
22%
Rondônia96,870Vilhena
22%
Rio Grande do Sul211,350Alvorada
21%
Paraná128,550Apucarana
21%
Paraná135,270Araucária
21%
Minas Gerais105,750Araxá
21%
São Paulo87,520Arujá
21%
Minas Gerais126,480Barbacena
21%
São Paulo142,720Botucatu
21%
Espírito Santo192,510Cachoeiro de Itapemirim
21%
Bahia290,530Camaçari
21%
São Paulo118,290Caraguatatuba
21%
Ceará325,690Caucaia
21%
São Paulo253,610Cotia
21%
Ceará110,560Crato
21%
São Paulo68,040Embu-Guaçu
21%
Rio Grande do Sul83,160Esteio
21%
São Paulo144,170Franco da Rocha
21%
Pernambuco125,310Garanhuns
21%
São Paulo253,650Indaiatuba
21%
Rio de Janeiro239,650Itaboraí
21%
Rio Grande do Sul84,720Lajeado
21%
Bahia201,640Lauro de Freitas
21%
São Paulo102,190Leme
21%
Espírito Santo152,010Linhares
21%
São Paulo77,590Lins
21%
Ceará227,880Maracanaú
21%
Minas Gerais53,850Mariana
21%
Rio de Janeiro176,570Mesquita
21%
Santa Catarina79,270Navegantes
21%
Sergipe179,930Nossa Senhora do Socorro
21%
Alagoas53,790Palmeira dos Índios
21%
São Paulo68,230Peruíbe
21%
Paraná133,490Pinhais
21%
São Paulo116,480Poá
21%
Minas Gerais139,670Pouso Alegre
21%
Paraíba118,410Santa Rita
21%
Bahia89,230Santo Antônio de Jesus
21%
Rio Grande do Sul53,660São Borja
21%
Pará65,260São Félix do Xingu
21%
Pernambuco107,300São Lourenço da Mata
21%
Espírito Santo102,850São Mateus
21%
São Paulo282,840Sumaré
21%
Minas Gerais115,130Teófilo Otoni
21%
Minas Gerais72,400Três Corações
21%
Paraná104,430Umuarama
21%
Minas Gerais132,140Varginha
21%
Goiás217,370Águas Lindas de Goiás
20%
Paraná122,050Arapongas
20%
Rondônia92,760Ariquemes
20%
São Paulo121,160Birigui
20%
Paraná112,180Campo Largo
20%
Paraná90,540Campo Mourão
20%
Espírito Santo371,700Cariacica
20%
Pará180,040Castanhal
20%
São Paulo121,510Catanduva
20%
Espírito Santo108,620Colatina
20%
São Paulo67,280Fernandópolis
20%
São Paulo187,680Ferraz de Vasconcelos
20%
Paraná78,790Francisco Beltrão
20%
São Paulo177,270Francisco Morato
20%
Rio Grande do Sul96,030Guaíba
20%
São Paulo150,250Itapetininga
20%
São Paulo103,490Itatiba
20%
São Paulo126,360Jandira
20%
São Paulo89,090Mairiporã
20%
São Paulo58,780Mirassol
20%
Minas Gerais94,060Nova Lima
20%
Rio Grande do Norte267,040Parnamirim
20%
Rio Grande do Sul73,020Santo Ângelo
20%
Rio Grande do Sul55,310São Gabriel
20%
São Paulo83,500São Roque
20%
Minas Gerais235,970Sete Lagoas
20%
São Paulo117,160Tatuí
20%
Bahia151,780Teixeira de Freitas
20%
Rio de Janeiro79,740Três Rios
20%
Rio Grande do Sul62,230Vacaria
20%
Goiás172,140Valparaíso de Goiás
20%
São Paulo77,590Vinhedo
20%
São Paulo118,880Votorantim
20%
São Paulo92,670Votuporanga
20%
São Paulo57,200Amparo
19%
Minas Gerais110,080Araguari
19%
São Paulo87,330Avaré
19%
Maranhão83,570Balsas
19%
São Paulo55,700Batatais
19%
Paraíba96,300Bayeux
19%
Goiás89,550Caldas Novas
19%
São Paulo403,180Carapicuíba
19%
Paraná74,620Cianorte
19%
Santa Catarina60,100Concórdia
19%
Sergipe59,140Estância
19%
Paraná94,830Fazenda Rio Grande
19%
Amazonas68,780Itacoatiara
19%
São Paulo79,900Itapeva
19%
Minas Gerais100,870Ituiutaba
19%
Goiás101,320Itumbiara
19%
Goiás93,950Jataí
19%
Bahia143,310Jequié
19%
São Paulo67,440Lençóis Paulista
19%
Amazonas69,620Manacapuru
19%
São Paulo57,400Mongaguá
19%
Minas Gerais109,430Passos
19%
São Paulo111,900Paulínia
19%
Bahia102,120Paulo Afonso
19%
São Paulo60,890Penápolis
19%
Paraná63,760Rolândia
19%
São Paulo142,300Santana de Parnaíba
19%
Santa Catarina81,350São Bento do Sul
19%
Minas Gerais85,560São João del Rei
19%
Mato Grosso96,200Tangará da Serra
19%
Maranhão147,960Timon
19%
Minas Gerais68,250Unaí
19%
Maranhão85,060Açailândia
18%
Bahia133,110Alagoinhas
18%
Paraná115,030Almirante Tamandaré
18%
São Paulo53,390Andradina
18%
Espírito Santo90,020Aracruz
18%
Rio de Janeiro127,670Araruama
18%
Rio de Janeiro97,760Barra do Piraí
18%
Rio Grande do Sul131,240Cachoeirinha
18%
Minas Gerais123,770Conselheiro Lafaiete
18%
Rio Grande do Sul57,800Cruz Alta
18%
Goiás113,720Formosa
18%
Santa Catarina65,660Itapema
18%
São Paulo54,550Itupeva
18%
Sergipe54,200Lagarto
18%
Minas Gerais99,850Lavras
18%
São Paulo82,090Matão
18%
São Paulo63,630Mococa
18%
Rio Grande do Sul59,320Montenegro
18%
Minas Gerais101,210Muriaé
18%
São Paulo59,960Nova Odessa
18%
São Paulo52,070Olímpia
18%
Pará192,460Parauapebas
18%
Piauí62,290Picos
18%
São Paulo70,440Pirassununga
18%
Santa Catarina66,810Rio do Sul
18%
Minas Gerais133,670Sabará
18%
Pará51,950Santa Izabel do Pará
18%
Rio de Janeiro85,970Saquarema
18%
Mato Grosso81,390Sorriso
18%
Rio Grande do Sul51,360Tramandaí
18%
Goiás124,380Trindade
18%
Bahia70,580Valença
18%
Rio de Janeiro66,580Valença
18%
Minas Gerais73,990Viçosa
18%
Pará93,570Abaetetuba
17%
Pernambuco92,050Abreu e Lima
17%
Santa Catarina56,750Araranguá
17%
Maranhão81,580Bacabal
17%
São Paulo73,900Bebedouro
17%
Santa Catarina62,980Biguaçu
17%
São Paulo58,480Boituva
17%
Pernambuco189,470Cabo de Santo Agostinho
17%
Santa Catarina72,250Caçador
17%
São Paulo100,230Caieiras
17%
Rio Grande do Sul66,290Campo Bom
17%
São Paulo52,080Campos do Jordão
17%
Rio Grande do Sul53,730Capão da Canoa
17%
Rio Grande do Sul61,150Carazinho
17%
Bahia106,650Eunápolis
17%
Minas Gerais61,950Formiga
17%
Santa Catarina57,540Gaspar
17%
Goiás66,430Goianésia
17%
Tocantins85,540Gurupi
17%
Minas Gerais181,740Ibirité
17%
Minas Gerais112,680Itabira
17%
Rio de Janeiro128,790Itaguaí
17%
Minas Gerais88,860Itajubá
17%
Rio de Janeiro95,710Itaperuna
17%
Ceará75,250Itapipoca
17%
São Paulo69,790Itapira
17%
São Paulo75,340Jaboticabal
17%
São Paulo57,030Jaguariúna
17%
Mato Grosso63,020Lucas do Rio Verde
17%
Bahia82,330Luís Eduardo Magalhães
17%
Ceará99,070Maranguape
17%
Minas Gerais81,730Paracatu
17%
Pará89,560Paragominas
17%
Paraná56,420Piraquara
17%
Goiás86,130Planaltina
17%
Ceará62,990Quixadá
17%
Alagoas61,590Rio Largo
17%
Rio Grande do Sul77,160Sapiranga
17%
Paraná96,980Sarandi
17%
Rio de Janeiro68,320Seropédica
17%
São Paulo125,640Sertãozinho
17%
Pará80,680Tailândia
17%
São Paulo62,940Tupã
17%
Paraná54,890União da Vitória
17%
Minas Gerais129,770Vespasiano
17%
Espírito Santo72,930Viana
17%
Minas Gerais75,480Alfenas
16%
Pará51,890Breves
16%
Mato Grosso82,590Cáceres
16%
Rio Grande do Sul70,030Cachoeira do Sul
16%
Rondônia67,690Cacoal
16%
São Paulo76,360Cajamar
16%
Paraná103,150Cambé
16%
Bahia79,920Candeias
16%
Minas Gerais76,560Caratinga
16%
Maranhão84,530Codó
16%
Minas Gerais53,850Congonhas
16%
Minas Gerais108,910Coronel Fabriciano
16%
São Paulo58,200Ibitinga
16%
Ceará79,720Iguatu
16%
Santa Catarina68,410Indaial
16%
Bahia67,790Irecê
16%
Bahia56,850Jacobina
16%
Rio de Janeiro105,550Japeri
16%
Goiás62,170Mineiros
16%
São Paulo57,070Monte Mor
16%
Mato Grosso do Sul51,410Naviraí
16%
Goiás116,410Novo Gama
16%
São Paulo55,490Porto Ferreira
16%
São Paulo51,440Rio Grande da Serra
16%
Maranhão84,760Santa Inês
16%
São Paulo88,110São João da Boa Vista
16%
Rio Grande do Sul141,280Sapucaia do Sul
16%
Bahia121,710Simões Filho
16%
Paraná78,160Telêmaco Borba
16%
Pará109,590Tucuruí
16%
Alagoas50,270União dos Palmares
16%
São Paulo81,300Caçapava
15%
Rio de Janeiro51,290Cachoeiras de Macacu
15%
Rio Grande do Sul52,280Camaquã
15%
Pernambuco158,900Camaragibe
15%
Paraná52,740Castro
15%
Goiás103,830Catalão
15%
Amazonas56,150Coari
15%
Minas Gerais66,740Esmeraldas
15%
Minas Gerais51,730Frutal
15%
Rio de Janeiro59,320Guapimirim
15%
Santa Catarina64,420Içara
15%
Sergipe74,850Itabaiana
15%
Minas Gerais80,050João Monlevade
15%
Minas Gerais51,510Lagoa da Prata
15%
Minas Gerais61,190Lagoa Santa
15%
Minas Gerais99,790Nova Serrana
15%
Maranhão92,780Paço do Lumiar
15%
Rio Grande do Sul55,580Parobé
15%
Minas Gerais80,680Patrocínio
15%
Minas Gerais55,600Pirapora
15%
Ceará50,780Russas
15%
Goiás117,990Senador Canedo
15%
Pernambuco67,220Serra Talhada
15%
Paraíba54,970Sousa
15%
São Paulo53,470Vargem Grande Paulista
15%
Pernambuco121,810Vitória de Santo Antão
15%
Pernambuco51,500Araripina
14%
São Paulo50,110Artur Nogueira
14%
Rio Grande do Norte62,620Caicó
14%
Pará60,910Cametá
14%
Minas Gerais51,120Campo Belo
14%
São Paulo85,540Campo Limpo Paulista
14%
Pará55,350Capanema
14%
Alagoas50,600Coruripe
14%
Minas Gerais73,190Curvelo
14%
Bahia67,400Guanambi
14%
Pernambuco108,980Igarassu
14%
Pernambuco72,330Ipojuca
14%
Minas Gerais50,270Itabirito
14%
Bahia74,550Itapetinga
14%
Minas Gerais88,340Itaúna
14%
Minas Gerais65,300Janaúba
14%
Rio Grande do Norte50,210Macaíba
14%
Minas Gerais74,290Manhuaçu
14%
Pará132,300Marituba
14%
Minas Gerais53,400Ponte Nova
14%
Mato Grosso59,710Primavera do Leste
14%
Sergipe77,000São Cristóvão
14%
São Paulo51,380São Joaquim da Barra
14%
Minas Gerais65,920São Sebastião do Paraíso
14%
Ceará50,900Tianguá
14%
Minas Gerais90,440Timóteo
14%
Mato Grosso55,070Barra do Garças
13%
Paraíba50,620Cajazeiras
13%
São Paulo53,280Capivari
13%
Minas Gerais72,320Cataguases
13%
Goiás56,910Cidade Ocidental
13%
São Paulo68,240Cosmópolis
13%
Ceará54,340Crateús
13%
Bahia77,510Dias d'Ávila
13%
Ceará54,340Eusébio
13%
Ceará63,390Horizonte
13%
Pará73,510Itaituba
13%
Ceará59,980Pacajus
13%
Pernambuco50,020Palmares
13%
Minas Gerais55,030Pedro Leopoldo
13%
Pará79,340Redenção
13%
Rio Grande do Norte87,630São Gonçalo do Amarante
13%
São Paulo54,370Taquaritinga
13%
Ceará74,760Aquiraz
12%
Pernambuco68,160Arcoverde
12%
Maranhão55,180Barra do Corda
12%
Pernambuco51,620Bezerros
12%
Paraíba68,760Cabedelo
12%
Pernambuco81,240Carpina
12%
Pernambuco58,870Escada
12%
Paraíba52,310Guarabira
12%
Paraná52,500Ibiporã
12%
Bahia50,880Itamaraju
12%
Pará53,230Jacundá
12%
Bahia61,440Senhor do Bonfim
12%
Pernambuco61,650Belo Jardim
11%
Bahia50,860Itaberaba
11%
Pernambuco56,040Moreno
11%
Ceará72,620Pacatuba
11%
Pernambuco107,400Santa Cruz do Capibaribe
11%
Maranhão57,820Chapadinha
10%
Bahia54,130Cruz das Almas
10%

Score Distribution

Percentile by Number Answered

Percent of People with Each Score

Your Score History

You have not taken this quiz